00768nam a2200205Ia 450000500170000000800410001702000150005804000180007304100080009108200260009924500790012525000120020426000350021630000280025165000810027965000660036065000830042670000250050970000280053420250127103939.0210716s2006 xx 000 0 und d a8181285077 cAIMIT LIBRARY aeng a001.0726587 21bGEUJ aSupply chain optimization /cEdited by Joseph Geunes and Panos M Pardalos. a1st ed. aNew Delhi :bSpringer ,c2006. ax,413p. ;bPBc23.8 cm aAn analysis of advance booking discount programs between competing retailers aMulti- channel supply chain design in B2C electronic commerce aA conceptual framework for robust supply chain design under demand uncertainty aGeunes, Joseph., ed. aPardalos, Panos M., ed.